| 000 | 00666nam a2200217 u 4500 | ||
|---|---|---|---|
| 005 | 20240806063821.0 | ||
| 008 | 100521s2006 r 000 0 eng d | ||
| 020 | _a8467508558 | ||
| 035 | _aUPN01000176033 | ||
| 049 | _aI | ||
| 050 | 4 |
_aPZ78 _bD3.33 |
|
| 100 | 1 | _aDayre, Valérie | |
| 245 | 1 | 4 |
_aLas desventuras de Sophie / _cValérie Dayre ; tr. Isabelle Marc. |
| 260 |
_aMadrid : _bSM, _c2006. |
||
| 300 | _a123 p. | ||
| 440 | 3 |
_aEl barco de vapor ; _v159. _pA partir de 12 años |
|
| 534 |
_pTítulo original: _tLes nouveaux malheurs de Sofie |
||
| 650 | 4 |
_aLIBROS Y LECTURA PARA LA JUVENTUD _910549 |
|
| 650 | 4 |
_aLiteratura juvenil _95153 |
|
| 905 | _aLibro | ||
| 999 |
_c148136 _d148136 |
||